El Proceso político al finalizar marzo

Wedi'i Gadw mewn:
Manylion Llyfryddiaeth
Fformat: Texto
Pynciau:
Tagiau: Ychwanegu Tag
Dim Tagiau, Byddwch y cyntaf i dagio'r cofnod hwn!

MARC

LEADER 00000 a a2200000 04500
001 5764
003
040
245 |a El Proceso político al finalizar marzo  
650 |a DEMOCRATIZACION  
650 |a INFORMES  
650 |a ASPECTOS POLITICOS  
650 |a PAZ  
773 |g volumen 12, número 511; páginas 4-5  
999 |c 24260  |d 24260